Corazón mexa /
Este rompecabezas es un juego clásico de mesa, en el cual los participantes tienen el reto de formar una figura temática de 48 por 58 centímetros, con la imagen de un corazón que incluye detalles de la riqueza artística y cultural de México. No hay límite de jugadores, ni edad recomendada, tampoco t...
Salvato in:
| Natura: | Oggetto fisico |
|---|---|
| Lingua: | spagnolo |
| Pubblicazione: |
Guadalajara, México :
Madrilab,
fecha no identificada
|
| Soggetti: | |
| Tags: |
Nessun Tag, puoi essere il primo ad aggiungerne!!
|
MARC
| LEADER | 00000nrm^a2200000^a^4500 | ||
|---|---|---|---|
| 001 | 000586111 | ||
| 005 | 20250521000000.0 | ||
| 009 | 20260310132743.314 | ||
| 037 | |a Acervo ITESO - Biblioteca | ||
| 041 | |a ESP | ||
| 091 | |a JUE. 0083 | ||
| 245 | 0 | 0 | |a Corazón mexa / |
| 264 | 1 | |a Guadalajara, México : |b Madrilab, |c fecha no identificada | |
| 300 | |a 1 juego (484 piezas, 1 estuche) ; |c 14.0 x 19.0 x 8.0 cm. | ||
| 336 | |a forma objetual tridimensional |b tdf |2 rdacontenido | ||
| 337 | |a sin mediación |b n |2 rdamedio | ||
| 338 | |a otro (juego) |b nz |2 rdasoporte | ||
| 520 | |a Este rompecabezas es un juego clásico de mesa, en el cual los participantes tienen el reto de formar una figura temática de 48 por 58 centímetros, con la imagen de un corazón que incluye detalles de la riqueza artística y cultural de México. No hay límite de jugadores, ni edad recomendada, tampoco tiempo de juego. | ||
| 649 | |a XX | ||
| 650 | |a Rompecabezas - |x Tema Principal | ||
| 650 | |a Desarrollo Psicomotriz y Perceptual | ||
| 650 | |a Aprendizaje Colaborativo | ||
| 650 | |a Juegos Mentales | ||
| 650 | |a Juegos Educativos | ||
| 650 | |a Juegos de Mesa - |x Tema Principal | ||
| 650 | |a Ocio y Tiempo Libre | ||
| 910 | |a Fondo General | ||
| 920 | |a Volumétricos - Juegos Préstamo Interno | ||
| 930 | |a Juegos Préstamo Interno | ||
| 905 | |a 601 | ||
| 901 | |a 0500413817 |b IT2 |c LUI |i C186465 |u 20250521 | ||
| 902 | |a https://opac.biblio.iteso.mx/vufind/Record/000586111 | ||